STUDY GUIDE WITH PROGRAMED UNITS AND LEARNING OBJECTS TO ACCOMPANY KAGAN AND HAVEMANN'S PSYCHOLOGY AN INTRODUCTION / (Record no. 615505)

000 -LEADER
fixed length control field 00470nam a22001457a 4500
020 ## - INTERNATIONAL STANDARD BOOK NUMBER
Qualifying information PB.
040 ## - CATALOGING SOURCE
Transcribing agency FIZZA ISHAQ
082 ## - DEWEY DECIMAL CLASSIFICATION NUMBER
Classification number 150
Author Mark ROB
100 ## - MAIN ENTRY--PERSONAL NAME
Personal name CALLMc,B.ROBERT.
9 (RLIN) 132261
245 ## - TITLE STATEMENT
Title STUDY GUIDE WITH PROGRAMED UNITS AND LEARNING OBJECTS TO ACCOMPANY KAGAN AND HAVEMANN'S PSYCHOLOGY AN INTRODUCTION /
Statement of responsibility, etc. ROBERT B.McCALL.
250 ## - EDITION STATEMENT
Edition statement 4TH ED.
260 ## - PUBLICATION, DISTRIBUTION, ETC.
Place of publication, distribution, etc. NEW YORK ;
Name of publisher, distributor, etc. HARCOURT BRACE JOVANOVICH,
Date of publication, distribution, etc. 1980.
300 ## - PHYSICAL DESCRIPTION
Extent 202 P. ;
Dimensions 10.9X8.1IN
942 ## - ADDED ENTRY ELEMENTS (KOHA)
Source of classification or shelving scheme
Koha item type Book
Holdings
Withdrawn status Lost status Source of classification or shelving scheme Damaged status Not for loan Permanent Location Current Location Shelving location Date acquired Total Checkouts Full call number Barcode Date last seen Price effective from Koha item type
          NUST Baluchistan Campus (NBC) NUST Baluchistan Campus (NBC) Text Books 12/15/2025   150 ROB QD-891 12/15/2025 12/15/2025 Book
© 2023 Central Library, National University of Sciences and Technology. All Rights Reserved.